000 00646nam a2200217 a 4500
005 20210219152936.0
008 991125n 000 0 u
035 _aUPN01000067945
100 _aColison, Michele
222 _aCHRONICLE OF HIGHER EDUCATION
245 _aColleges have done a bad job of explaining affirmative action to students, critics say
300 _aA37-A38
362 _a38, No. 22, 1992
505 _aJunio 1992
653 0 _aACTITUDES DEL ESTUDIANTE
653 0 _aDISCRIMINACION RACIAL
653 0 _aMEDIDAS AFIRMATIVAS
653 0 _aRECLUTAMIENTO DE ESTUDIANTES
904 _aAC
_b005756
905 _aArticulo
999 _c64275
_d64275